Reader's digest family treasury of great biographies / (Record no. 1014)

MARC details
000 -LEADER
fixed length control field 01344cam a2200265 a 4500
001 - CONTROL NUMBER
control field 107332
003 - CONTROL NUMBER IDENTIFIER
control field GBCCL
005 - DATE AND TIME OF LATEST TRANSACTION
control field 20241126110351.0
008 - FIXED-LENGTH DATA ELEMENTS--GENERAL INFORMATION
fixed length control field 700507m19701971nyuac 000 0ceng
010 ## -
-- 76086526
035 ## - SYSTEM CONTROL NUMBER
System control number (OCoLC)ocm00071605
040 ## - CATALOGING SOURCE
Original cataloging agency DLC
Transcribing agency DLC
Modifying agency XFM
-- OCL
049 ## -
-- LBBK
-- 1
050 00 -
-- CT101
-- .R4
082 00 - DEWEY DECIMAL CLASSIFICATION NUMBER
Classification number 920.02
Item number REA
090 ## - LOCALLY ASSIGNED LC-TYPE CALL NUMBER (OCLC); LOCAL CALL NUMBER (RLIN)
Classification number (OCLC) (R) ; Classification number, CALL (RLIN) (NR) CT101
Local cutter number (OCLC) ; Book number/undivided call number, CALL (RLIN) .R4
245 00 - TITLE STATEMENT
Title Reader's digest family treasury of great biographies /
Statement of responsibility, etc. selected and condensed by the editors of the Reader's digest.
250 ## - EDITION STATEMENT
Edition statement 1st ed.
260 ## - PUBLICATION, DISTRIBUTION, ETC.
Place of publication, distribution, etc. Pleasantville, N.Y. :
Name of publisher, distributor, etc. Reader's Digest Association,
Date of publication, distribution, etc. c1970-71
300 ## - PHYSICAL DESCRIPTION
Extent 12 v. :
Other physical details ill. (part col.), ports. (part col.) ;
Dimensions 21 cm.
505 2# - FORMATTED CONTENTS NOTE
Formatted contents note v.1. R.v.R, the life & times of Rembrandt van Rijn / Hendirik Willem van Loon. -- The Immortal lovers , Elizabeth Barett and Robert Browning / Frances Winwar -- The Autobiography of Benjamin Franklin -- The great physician: a short life of Sir William Osler / Edith Gittings Reid -- v. 2. George Washington, man and monument / M. Cunliff -- Mahatma Gandhi / V. Sheean -- Einstein / C.P. Snow -- Marie Antoinette / S. Zwei ; translated from the German by Eden and Cedar Paul -- The autobiography of Mark Twain / ed. by C. Neider.
650 #0 - SUBJECT ADDED ENTRY--TOPICAL TERM
Topical term or geographic name entry element Biography.
9 (RLIN) 1717
740 0# -
-- Family treasury of great biographies.
942 ## - ADDED ENTRY ELEMENTS (KOHA)
Source of classification or shelving scheme Dewey Decimal Classification
Koha item type Books
Holdings
Withdrawn status Lost status Source of classification or shelving scheme Damaged status Not for loan Home library Current Library Shelving location Date acquired Total checkouts Full call number Barcode Date last seen Date last checked out Copy number Price effective from Koha item type
    Dewey Decimal Classification     GRACE BIBLE COLLEGE GRACE BIBLE COLLEGE General Studies 2017-04-03 1 920.02 REA 004415 2025-05-01 2017-08-04 c.1 2017-04-03 Books
© Grace Bible College Library 2025